Capoluoghi più vicini a Torino - Statistics

Statistiche generali
  • Questo quiz è stato fatto 108 volte
  • Il punteggio medio è 13 su 15
Statistiche sulle risposte
Distanza (km) Capoluogo % Corretto
125 Milano
100%
75 Alessandria
96%
123 Genova
96%
84 Novara
95%
45 Asti
93%
80 Aosta
92%
76 Cuneo
92%
134 Imperia
90%
105 Savona
90%
64 Vercelli
89%
62 Biella
87%
116 Pavia
87%
116 Verbania
83%
122 Varese
77%
133 Monza
73%
Nessun quiz corrispondente trovato
Distribuzione punteggi
Percentuale di utenti per punteggio
Percentile per numero di risposta
I tuoi punteggi nel tempo
Non hai fatto questo quiz